000 01025nas a2200289 4500
001 BR2014005871
003 BR-BrBNA
005 20231205124515.0
007 ta
008 230509b bl.|||p| |||| 00| 00por d
040 _aBR-BrBNA
_bpor
_cBiblioteca Nacional de Agricultura
041 _a(Pt)
072 _aP33
100 1 _aBastos, R.S.
100 1 _aMendonça, E. de S.
100 1 _aAlvarez, V.H.
100 1 _aCorrêa, M.M.
100 1 _aCosta, L.M. da
245 1 _aFormação e estabilização de agregados do solo influenciados por ciclos de umedecimento e secagem após adição de compostos orgânicos com diferentes características hidrofóbicas
650 _aSOLO TROPICAL
650 _aFÍSICA DO SOLO
650 _aÁCIDO ORGÂNICO
773 0 _tRevista Brasileira de Ciência do Solo (Brazil)
_xISSN 0100-0683
_g(Jan-Feb 2005), v. 29(1) p. 21-31
_wBR2014005871
856 4 0 _uhttp://www.scielo.br/pdf/rbcs/v29n1/23518.pdf
909 _a202311
_bLúcia
_c55
_dLúcia Elande
942 _2AGRIS
_n0
_cANA
999 _c239434
_d239434